[Event "Asian Nations Cup 2016"]
[Site "Abu Dhabi UAE"]
[Date "2016.03.28"]
[Round "1.1"]
[White "Bu, Xiangzhi"]
[Black "Eid, Fadi"]
[Result "1-0"]
[WhiteTitle "GM"]
[BlackTitle "IM"]
[WhiteElo "2724"]
[BlackElo "2352"]
[WhiteTeam "China"]
[BlackTeam "Lebanon"]
[WhiteFideId "8601445"]
[BlackFideId "5300118"]
[EventDate "2016.03.28"]
[EventType "team"]

1. d4 Nf6 2. c4 g6 3. Nc3 d5 4. cxd5 Nxd5 5. e4 Nxc3 6. bxc3 Bg7 7. Be3 c5 8.
Rc1 Qa5 9. Qd2 O-O 10. Nf3 Rd8 11. d5 e6 12. c4 Qxd2+ 13. Nxd2 b6 14. h4 Nd7 15.
h5 Re8 16. Be2 exd5 17. cxd5 Nf6 18. hxg6 hxg6 19. Rh4 Bd7 20. Bg5 Nh7 21. Be3
Nf6 22. Bg5 Nh7 23. Be3 Nf6 24. Bf3 g5 25. Bxg5 Nxd5 26. Be3 Nf6 27. Be2 1-0

[Event "Asian Nations Cup 2016"]
[Site "Abu Dhabi UAE"]
[Date "2016.03.28"]
[Round "1.2"]
[White "El Jawich, Amro"]
[Black "Wei, Yi"]
[Result "1/2-1/2"]
[WhiteTitle "FM"]
[BlackTitle "GM"]
[WhiteElo "2241"]
[BlackElo "2714"]
[WhiteTeam "Lebanon"]
[BlackTeam "China"]
[WhiteFideId "5300380"]
[BlackFideId "8603405"]
[EventDate "2016.03.28"]
[EventType "team"]

1. e4 c5 2. Nc3 Nc6 3. Bb5 g6 4. Bxc6 bxc6 5. f4 Bg7 6. Nf3 d5 7. d3 Nf6 8. O-O
O-O 9. Qe1 dxe4 10. Nxe4 Qb6 11. Qf2 Be6 12. Qxc5 Nxe4 13. Qxb6 axb6 14. dxe4
Bxa2 15. Ne5 c5 16. b3 c4 17. bxc4 Bxe5 18. fxe5 Bxc4 19. Rxa8 Rxa8 20. Rd1 Kg7
21. Be3 b5 22. Bc5 Ra2 23. Bxe7 Rxc2 24. Rd8 Kh6 25. g4 Be6 26. h3 Rc7 27. Bf6
Rc8 28. Rxc8 Bxc8 29. Be7 g5 30. Kf2 Kg6 31. Kf3 h5 32. Kg3 Be6 33. gxh5+ Kxh5
34. Bc5 Bc4 35. Be7 Bd3 36. h4 g4 37. Bc5 Bxe4 38. Bd6 Bf5 39. Be7 Be6 40. Bc5
Kg6 41. Kf4 f5 42. exf6 Kxf6 43. Bb4 Kg6 44. Bc5 Bd7 45. Bb4 Kf6 46. Bc3+ Kf7
47. Bb4 Kg6 48. Ba3 Kh5 49. Be7 Bc6 50. Kg3 Bf3 51. Kf4 Kg6 52. Bb4 Kf7 53. Ba3
Kf6 54. Bb4 Kg6 55. Ba3 Kh5 56. Be7 Bd5 57. Kg3 Bf7 58. Bb4 Be6 59. Bc5 Kg6 60.
Kf4 Kh6 61. Bb4 Bd7 62. Bc5 Be8 63. Kxg4 Bd7+ 1/2-1/2

[Event "Asian Nations Cup 2016"]
[Site "Abu Dhabi UAE"]
[Date "2016.03.28"]
[Round "1.3"]
[White "Lu, Shanglei"]
[Black "Asmar, Elie"]
[Result "1-0"]
[WhiteTitle "GM"]
[WhiteElo "2620"]
[BlackElo "2051"]
[WhiteTeam "China"]
[BlackTeam "Lebanon"]
[WhiteFideId "8603332"]
[BlackFideId "5301432"]
[EventDate "2016.03.28"]
[EventType "team"]

1. e4 c5 2. Nf3 Nc6 3. d4 cxd4 4. Nxd4 Nf6 5. Nc3 e5 6. Ndb5 d6 7. Bg5 a6 8. Na3
b5 9. Nd5 Be7 10. Bxf6 Bxf6 11. c4 b4 12. Nc2 O-O 13. g3 Bg5 14. Bg2 Qa5 15. O-O
Qc5 16. b3 g6 17. Kh1 h5 18. Qd3 Bh6 19. Rad1 Bg7 20. f4 Bg4 21. Rd2 f5 22. Nce3
Rad8 23. exf5 Bxf5 24. Nxf5 gxf5 25. Qe2 e4 26. Qxh5 Rde8 27. g4 fxg4 28. Qxg4
e3 29. Re2 Qd4 30. Qg3 Qd3 31. Rxe3 Rxe3 32. Nxe3 Nd4 33. Rd1 Qh7 34. Rxd4 1-0

[Event "Asian Nations Cup 2016"]
[Site "Abu Dhabi UAE"]
[Date "2016.03.28"]
[Round "1.4"]
[White "Maasarani, Mahmoud"]
[Black "Zhou, Jianchao"]
[Result "0-1"]
[BlackTitle "GM"]
[WhiteElo "2052"]
[BlackElo "2612"]
[WhiteTeam "Lebanon"]
[BlackTeam "China"]
[WhiteFideId "5300681"]
[BlackFideId "8603537"]
[EventDate "2016.03.28"]
[EventType "team"]

1. c4 g6 2. Nc3 Bg7 3. g3 Nf6 4. Bg2 O-O 5. Nf3 d6 6. O-O e5 7. d3 Re8 8. Ng5 c6
9. Nge4 Nxe4 10. Nxe4 Na6 11. a3 d5 12. cxd5 cxd5 13. Nc3 Be6 14. b4 Qd7 15. Bb2
Rad8 16. Rc1 f5 17. Qa4 Qf7 18. Nb5 Rd7 19. Nxa7 Nc7 20. b5 e4 21. Bxg7 Qxg7 22.
d4 Rf8 23. e3 g5 24. f4 exf3 25. Rxf3 Ne8 26. b6 Nd6 27. Rf2 Nc4 28. Bxd5 Bxd5
29. Rxc4 Bxc4 30. Qxc4+ Kh8 31. Nb5 f4 32. e4 Qg6 33. Qc5 Re8 34. e5 Qb1+ 35.
Rf1 Qd3 36. Nd6 Rg8 37. Qd5 fxg3 38. hxg3 Qxg3+ 39. Kh1 Qh3+ 40. Kg1 Qg3+ 41.
Qg2 Qxa3 42. Nf7+ Rxf7 43. Rxf7 Qa1+ 44. Kh2 Qxd4 45. Qxb7 Qxe5+ 46. Kg2 Qe2+
47. Kg3 Qd3+ 48. Qf3 Qd6+ 49. Kg2 Qd2+ 50. Kh1 Qc1+ 51. Kg2 Qd2+ 52. Qf2 Qd5+
53. Kh2 Qd6+ 54. Qg3 Qh6+ 55. Kg2 Qc6+ 56. Qf3 Qc2+ 57. Kg3 Qb2 58. Qe3 Ra8 59.
b7 Ra3 60. Rf8+ Kg7 61. b8=Q Rxe3+ 62. Kg4 Qg2+ 0-1

[Event "Asian Nations Cup 2016"]
[Site "Abu Dhabi UAE"]
[Date "2016.03.28"]
[Round "1.1"]
[White "Aboudi, Marwan"]
[Black "Adhiban, Baskaran"]
[Result "1/2-1/2"]
[BlackTitle "GM"]
[WhiteElo "2166"]
[BlackElo "2663"]
[WhiteTeam "Jordan"]
[BlackTeam "India"]
[WhiteFideId "8100160"]
[BlackFideId "5018471"]
[EventDate "2016.03.28"]
[EventType "team"]

1. d4 Nf6 2. c4 d6 3. Nc3 e5 4. dxe5 dxe5 5. Qxd8+ Kxd8 6. Nf3 Be6 7. e3 Nbd7 8.
Be2 h6 9. O-O c6 10. Rd1 Kc7 11. b3 Re8 12. Bb2 Bf5 13. Rac1 Rg8 14. h3 g5 15.
Nh2 h5 16. Nf1 h4 17. Na4 g4 18. hxg4 Nxg4 19. f3 Ngf6 20. Kf2 Bh6 21. Nd2 e4
22. Nf1 Rg6 23. g4 Be6 24. f4 Nxg4+ 25. Bxg4 Bxg4 26. Nd2 Bxd1 27. Rxd1 Bxf4 28.
Nc3 Bg3+ 29. Ke2 Be5 30. Ndxe4 Bxc3 31. Nxc3 Rg2+ 1/2-1/2

[Event "Asian Nations Cup 2016"]
[Site "Abu Dhabi UAE"]
[Date "2016.03.28"]
[Round "1.2"]
[White "Sethuraman, S.P."]
[Black "Alattar, Rakan"]
[Result "1-0"]
[WhiteTitle "GM"]
[BlackTitle "CM"]
[WhiteElo "2658"]
[BlackElo "2065"]
[WhiteTeam "India"]
[BlackTeam "Jordan"]
[WhiteFideId "5021596"]
[BlackFideId "8101248"]
[EventDate "2016.03.28"]
[EventType "team"]

1. e4 c5 2. Nf3 e6 3. d4 Ne7 4. dxc5 Nbc6 5. Be3 Ng6 6. Nbd2 Be7 7. Be2 O-O 8.
O-O Bf6 9. Nc4 Na5 10. Nxa5 Qxa5 11. c3 Qc7 12. Re1 b6 13. cxb6 axb6 14. Qb3 Rb8
15. Rad1 Re8 16. Rd2 Be7 17. Bf1 h6 18. Qd1 d6 19. Nd4 Rd8 20. Nb5 Qd7 21. Qh5
Qe8 22. Red1 Qf8 23. a4 Ba6 24. Nd4 Bxf1 25. Kxf1 Ne5 26. b3 Rdc8 27. Nb5 Rc6
28. c4 Nd7 29. Qf3 Kh7 30. Qg3 e5 31. Nc3 Nf6 32. Qf3 Kg8 33. g3 Qc8 34. Kg2 Bf8
35. Bxh6 Qe6 36. Be3 Rb7 37. Rd3 Ng4 38. Qf5 Rd7 39. Qxe6 fxe6 40. Bc1 Rf7 41.
f3 Nf6 42. Nb5 Rd7 43. Bb2 Kf7 44. Bxe5 dxe5 45. Rxd7+ Nxd7 46. Rxd7+ Ke8 47.
Rb7 Be7 48. Kf1 Kf7 49. Ke2 Kf6 50. Na7 Rc5 51. Rxb6 Bd8 52. Rc6 Ra5 53. Nb5 Ra8
54. h4 g6 55. c5 Rb8 56. Kd3 Rb7 57. Kc4 Ke7 58. Ra6 Rd7 59. Ra7 Ke8 60. Rxd7
Kxd7 61. b4 1-0

[Event "Asian Nations Cup 2016"]
[Site "Abu Dhabi UAE"]
[Date "2016.03.28"]
[Round "1.3"]
[White "Boshra, Alshaeby"]
[Black "Vidit, Santosh Gujrathi"]
[Result "0-1"]
[WhiteTitle "WFM"]
[BlackTitle "GM"]
[WhiteElo "2021"]
[BlackElo "2648"]
[WhiteTeam "Jordan"]
[BlackTeam "India"]
[WhiteFideId "8102937"]
[BlackFideId "5029465"]
[EventDate "2016.03.28"]
[EventType "team"]

1. d4 e6 2. c4 f5 3. Nc3 Nf6 4. h3 b6 5. e3 Bb7 6. Nge2 g6 7. a3 Bg7 8. Qc2 O-O
9. Bd2 c5 10. b4 Nc6 11. bxc5 bxc5 12. Rb1 Rb8 13. dxc5 Qe7 14. Na4 Ne4 15. Nf4
Ne5 16. Bb4 Bc6 17. Nb2 a5 18. Bxa5 Qxc5 19. Bc7 Qxa3 20. Be2 Qb4+ 21. Kf1 Nd2+
22. Kg1 Nxb1 23. Bxb8 Rxb8 24. Nbd3 Qc3 25. Qa2 Ra8 26. Qb2 Nxc4 27. Qxc3 Nxc3
28. Kh2 g5 29. Nb4 Na5 30. Nxc6 Nxc6 31. Nxe6 dxe6 32. Bf3 Ra6 33. Rc1 Nb4 34.
Bb7 Ra2 35. Kg3 Ne2+ 0-1

[Event "Asian Nations Cup 2016"]
[Site "Abu Dhabi UAE"]
[Date "2016.03.28"]
[Round "1.4"]
[White "Sengupta, Deep"]
[Black "Alattar, Ghayda M."]
[Result "1-0"]
[WhiteTitle "GM"]
[BlackTitle "WFM"]
[WhiteElo "2554"]
[BlackElo "1952"]
[WhiteTeam "India"]
[BlackTeam "Jordan"]
[WhiteFideId "5008352"]
[BlackFideId "8101531"]
[EventDate "2016.03.28"]
[EventType "team"]

1. e4 c5 2. Nf3 e6 3. d4 cxd4 4. Nxd4 a6 5. c4 Nf6 6. Nc3 Bb4 7. Qd3 d6 8. Be2
Nbd7 9. f3 O-O 10. Nb3 Ne5 11. Qe3 d5 12. exd5 Qc7 13. a3 Nxc4 14. Qd4 Bxc3+ 15.
bxc3 exd5 16. Bf4 Qe7 17. Kf2 Nxa3 18. Bd3 Be6 19. Rhe1 Rfc8 20. Bg5 Nc4 21. Bb1
h6 22. Bh4 Qd8 23. Kf1 Nd6 24. g4 Nb5 25. Qe5 Nxg4 26. Qg3 Nf6 27. Ra2 Nh5 28.
Qf2 Qd6 29. Qc2 g6 30. Qg2 Nf4 31. Qd2 d4 32. Nxd4 Nxd4 33. cxd4 Bc4+ 34. Kg1
Bxa2 35. Bxa2 Re8 36. Re4 Rxe4 37. fxe4 Qxd4+ 1-0

[Event "Asian Nations Cup 2016"]
[Site "Abu Dhabi UAE"]
[Date "2016.03.28"]
[Round "1.1"]
[White "Ismagambetov, Anuar"]
[Black "Amer, Said Salim Al Maashani"]
[Result "1-0"]
[WhiteTitle "GM"]
[BlackTitle "FM"]
[WhiteElo "2559"]
[BlackElo "2128"]
[WhiteTeam "Kazakhstan"]
[BlackTeam "Oman"]
[WhiteFideId "13701525"]
[BlackFideId "22000100"]
[EventDate "2016.03.28"]
[EventType "team"]

1. d4 e6 2. c4 d6 3. Nc3 Nd7 4. e4 Ne7 5. g3 g6 6. Bg2 c6 7. Nge2 Bg7 8. O-O O-O
9. Be3 d5 10. cxd5 exd5 11. exd5 cxd5 12. Nxd5 Nf6 13. Nxf6+ Bxf6 14. Nc3 Nf5
15. d5 Nd6 16. Qb3 b6 17. Rfd1 Re8 18. Rac1 Bd7 19. a4 Rb8 20. Nb5 Nxb5 21. axb5
Rc8 22. d6 Re5 23. Bc6 Qe8 24. Bxd7 Qxd7 25. Rxc8+ Qxc8 26. d7 Qd8 27. Bd4 Kg7
28. Bxe5 Bxe5 29. Qd5 Bf6 30. Re1 1-0

[Event "Asian Nations Cup 2016"]
[Site "Abu Dhabi UAE"]
[Date "2016.03.28"]
[Round "1.3"]
[White "Khusnutdinov, Rustam"]
[Black "Salim, Issa Ali Shamas"]
[Result "1-0"]
[WhiteTitle "GM"]
[WhiteElo "2496"]
[BlackElo "2026"]
[WhiteTeam "Kazakhstan"]
[BlackTeam "Oman"]
[WhiteFideId "13701703"]
[BlackFideId "22000062"]
[EventDate "2016.03.28"]
[EventType "team"]

1. Nf3 c5 2. c4 Nc6 3. Nc3 g6 4. g3 Bg7 5. Bg2 Nh6 6. d3 Nf5 7. O-O O-O 8. e4
Nfd4 9. Nxd4 Nxd4 10. Ne2 d6 11. Nxd4 Bxd4 12. Rb1 Bd7 13. Bh6 Re8 14. Be3 Bxe3
15. fxe3 e5 16. Qf3 Qe7 17. Qf6 b5 18. Qxe7 Rxe7 19. b3 Rb8 20. h4 Be6 21. Kh2
Kg7 22. Bh3 h5 23. Bxe6 Rxe6 24. g4 hxg4 25. Kg3 a5 26. Kxg4 Rf6 27. Kg5 Rxf1
28. Rxf1 a4 29. Rb1 b4 30. d4 Ra8 31. dxc5 axb3 32. axb3 Ra2 33. Kg4 dxc5 34.
Rd1 Rb2 35. Rd3 Kf6 36. h5 gxh5+ 37. Kxh5 Ke6 38. Kg4 Rb1 39. Kf3 f6 40. Ke2 f5
41. exf5+ Kxf5 42. Rd5 Ke4 43. Rxc5 Rxb3 44. Rb5 Rxe3+ 45. Kd2 Rd3+ 46. Ke2 Rb3
47. c5 Rb2+ 48. Kd1 Kd3 49. Kc1 Rc2+ 50. Kd1 Ra2 51. Kc1 Kc4 52. Rb8 Kxc5 53.
Re8 Kd4 54. Rd8+ Kc3 55. Rc8+ Kb3 56. Re8 Rc2+ 57. Kb1 Rc5 58. Re7 Kc3 59. Kc1
e4 60. Kb1 Rc4 1-0

[Event "Asian Nations Cup 2016"]
[Site "Abu Dhabi UAE"]
[Date "2016.03.28"]
[Round "1.1"]
[White "Weerawardane, Romesh"]
[Black "Ghaem Maghami, Ehsan"]
[Result "0-1"]
[WhiteTitle "IM"]
[BlackTitle "GM"]
[WhiteElo "2084"]
[BlackElo "2549"]
[WhiteTeam "Sri Lanka"]
[BlackTeam "Iran"]
[WhiteFideId "9900373"]
[BlackFideId "12500739"]
[EventDate "2016.03.28"]
[EventType "team"]

1. d4 Nf6 2. Nf3 g6 3. Nbd2 Bg7 4. e4 d6 5. Bd3 O-O 6. O-O Nbd7 7. Re1 e5 8. c3
b6 9. a4 a5 10. Nc4 Re8 11. dxe5 dxe5 12. b4 Bb7 13. Bg5 h6 14. Bh4 Qe7 15. Qb3
Qe6 16. Ncd2 Qxb3 17. Nxb3 g5 18. Bg3 axb4 19. cxb4 Bf8 20. b5 Nh5 21. Rec1 Rac8
22. a5 bxa5 23. Rxa5 Bd6 24. Ra7 Ba8 25. Nfd2 Nb6 26. f3 Nxg3 27. hxg3 Red8 28.
Kf1 Bb4 29. Ke2 Kf8 30. Rcxc7 Rxc7 31. Rxc7 Bd6 32. Ra7 Rc8 33. Ra6 Bc7 34. Nc4
Nxc4 35. Bxc4 Bd8 36. Kd3 h5 37. Ra7 Be7 38. Bd5 Bxd5 39. exd5 Rb8 40. Kc4 Rc8+
41. Kd3 Rb8 42. Ke4 Rxb5 43. Na5 Rb2 44. Nc6 Bc5 45. Ra8+ Kg7 46. Nxe5 Rxg2 47.
Rd8 h4 48. gxh4 gxh4 49. Rd7 Re2+ 50. Kf5 Rxe5+ 51. Kxe5 h3 52. Rc7 h2 53. Rxc5
h1=Q 54. Kd6 Qxf3 55. Kc7 Qa3 56. Kb6 Kf6 57. Kc6 Qa6+ 58. Kd7 Qb7+ 59. Kd6 Qe7+
60. Kc6 Qd8 61. Kb5 Ke5 62. Kc4 Qd6 63. Ra5 Ke4 64. Rb5 f5 65. Kc3 Ke3 66. Kc4
f4 67. Rc5 f3 68. Rc6 Qd8 69. Re6+ Kd2 70. d6 f2 0-1

[Event "Asian Nations Cup 2016"]
[Site "Abu Dhabi UAE"]
[Date "2016.03.28"]
[Round "1.2"]
[White "Darini, Pouria"]
[Black "Priyankara, Chamil"]
[Result "1-0"]
[WhiteTitle "GM"]
[WhiteElo "2496"]
[BlackElo "2016"]
[WhiteTeam "Iran"]
[BlackTeam "Sri Lanka"]
[WhiteFideId "12502200"]
[BlackFideId "9901566"]
[EventDate "2016.03.28"]
[EventType "team"]

1. d4 Nf6 2. c4 g6 3. Nc3 Bg7 4. e4 d6 5. Nf3 O-O 6. Be2 e5 7. d5 c5 8. O-O Na6
9. a3 Bd7 10. Ne1 Rb8 11. Bg5 h6 12. Bh4 Kh7 13. Nc2 Nc7 14. Ne3 a6 15. b4 b6
16. Rb1 Qe7 17. Rb3 Rfc8 18. Qd3 Nce8 19. Rfb1 Qd8 20. f3 Bf8 21. R1b2 Be7 22.
Bf2 Nh5 23. Qb1 Ra8 24. g3 Bg5 25. bxc5 bxc5 26. Rb7 Kg8 27. Bf1 Nhg7 28. h4 Bf6
29. Ng4 Kh7 30. Bh3 Bxg4 31. Bxg4 Rc7 32. Na4 Rxb7 33. Rxb7 Kg8 34. Qb6 h5 35.
Qxd8 Bxd8 36. Bh3 Ba5 37. Be3 Bd8 38. Nb6 Bxb6 39. Rxb6 f5 40. Bg5 Ra7 41. Kf2
Kf7 42. a4 Kg8 43. a5 Kh7 44. Ke3 Kg8 45. Bf1 Kf7 46. Bd3 Kg8 47. Bc2 Kf7 48.
Ba4 1-0

[Event "Asian Nations Cup 2016"]
[Site "Abu Dhabi UAE"]
[Date "2016.03.28"]
[Round "1.3"]
[White "Edirisinghe, Dulan"]
[Black "Maghsoodloo, Parham"]
[Result "0-1"]
[WhiteElo "2116"]
[BlackElo "2489"]
[WhiteTeam "Sri Lanka"]
[BlackTeam "Iran"]
[WhiteFideId "9900446"]
[BlackFideId "12539929"]
[EventDate "2016.03.28"]
[EventType "team"]

1. d4 d5 2. c4 c6 3. Nc3 Nf6 4. Nf3 a6 5. cxd5 cxd5 6. Bf4 Nc6 7. e3 Bf5 8. Bd3
Bxd3 9. Qxd3 e6 10. O-O Be7 11. Rac1 O-O 12. a3 Nd7 13. e4 dxe4 14. Nxe4 Nf6 15.
Rfd1 Rc8 16. Nxf6+ Bxf6 17. Qb3 b5 18. d5 exd5 19. Rxd5 Na5 20. Qd1 Rxc1 21.
Bxc1 Qc8 22. b4 Nc4 23. h3 Qe6 24. Rd3 Qe4 25. g3 h6 26. Qb3 Rc8 27. Rd1 Qe6 28.
Kg2 Qc6 29. Kh2 Re8 30. Re1 Rxe1 31. Nxe1 Bd4 32. Kg1 Qe6 33. Nf3 Bb6 34. Qd3
Qxh3 35. Bf4 g5 36. Be5 g4 37. Qf5 Nxe5 38. Nxe5 Qxg3+ 39. Kf1 Qh3+ 40. Ke2 Qb3
41. Qxg4+ Kh8 42. Qc8+ Kg7 43. Qg4+ Kh8 44. Qc8+ Kg7 45. Qg4+ 0-1

[Event "Asian Nations Cup 2016"]
[Site "Abu Dhabi UAE"]
[Date "2016.03.28"]
[Round "1.4"]
[White "Firouzja, Alireza"]
[Black "Naotunna, Dineth Nimnaka"]
[Result "1-0"]
[WhiteElo "2475"]
[BlackElo "2022"]
[WhiteTeam "Iran"]
[BlackTeam "Sri Lanka"]
[WhiteFideId "12573981"]
[BlackFideId "9919228"]
[EventDate "2016.03.28"]
[EventType "team"]

1. d4 Nf6 2. c4 e6 3. Nc3 Bb4 4. Qc2 O-O 5. a3 Bxc3+ 6. Qxc3 d6 7. Nf3 Nbd7 8.
g3 b6 9. Bg2 Bb7 10. O-O h6 11. Rd1 Qe7 12. b4 Be4 13. Bb2 c6 14. Bh3 Bf5 15.
Bg2 Be4 16. Bf1 Rac8 17. Nd2 Bg6 18. Bg2 d5 19. Rac1 Qd8 20. a4 a6 21. c5 b5 22.
f3 Re8 23. e4 Qc7 24. Ra1 Rb8 25. Re1 a5 26. bxa5 b4 27. Qe3 Qxa5 28. Nb3 Qc7
29. e5 Nh7 30. Qd2 Rb7 31. a5 Ra8 32. Ra4 Rab8 33. a6 Ra7 34. Rea1 f6 35. exf6
Nhxf6 36. Bf1 h5 37. Rxb4 Rxb4 38. Qxb4 h4 39. g4 Qf4 40. Qc3 Nxg4 41. fxg4
Qxg4+ 42. Bg2 Be4 43. Qh3 Qg6 44. Nd2 Bxg2 45. Qxg2 Qd3 46. Nf3 Rxa6 47. Rxa6
Qxa6 48. Nxh4 Qd3 49. Qf1 Qd2 50. Qc1 Qe2 51. Bc3 e5 52. Ng2 Qe4 53. Qd1 exd4
54. Qxd4 Qb1+ 55. Ne1 Nf6 56. Qd3 Qc1 57. Qd2 Qa3 58. Bxf6 gxf6 59. Qd4 Kf7 60.
Kg2 Qa2+ 61. Kg3 Qb1 62. Nf3 Qc2 63. h4 Qc1 64. Qb4 Qc2 65. h5 Qf5 66. Qg4 1-0

[Event "Asian Nations Cup 2016"]
[Site "Abu Dhabi UAE"]
[Date "2016.03.28"]
[Round "1.1"]
[White "Nguyen, Ngoc Truong Son"]
[Black "Asefi, Zaheeruddeen"]
[Result "1-0"]
[WhiteTitle "GM"]
[BlackTitle "FM"]
[WhiteElo "2649"]
[BlackElo "2020"]
[WhiteTeam "Vietnam"]
[BlackTeam "Afghanistan"]
[WhiteFideId "12401110"]
[BlackFideId "11700025"]
[EventDate "2016.03.28"]
[EventType "team"]

1. d4 Nf6 2. c4 g6 3. g3 Bg7 4. Bg2 O-O 5. Nc3 d6 6. Nf3 Nc6 7. O-O Bg4 8. d5
Bxf3 9. exf3 Na5 10. Qe2 c5 11. f4 Re8 12. Be3 a6 13. Rab1 Nd7 14. Rfc1 b6 15.
b3 Rb8 16. g4 Qc7 17. h4 e5 18. dxe6 fxe6 19. h5 Nc6 20. hxg6 Nd4 21. gxh7+ Kh8
22. Qd3 Nf6 23. g5 Nxh7 24. Be4 Nf8 25. Kg2 1-0

[Event "Asian Nations Cup 2016"]
[Site "Abu Dhabi UAE"]
[Date "2016.03.28"]
[Round "1.2"]
[White "Mirzaad, S.wahabuddin"]
[Black "Nguyen, Huynh Minh Huy"]
[Result "1/2-1/2"]
[BlackTitle "GM"]
[WhiteElo "2053"]
[BlackElo "2455"]
[WhiteTeam "Afghanistan"]
[BlackTeam "Vietnam"]
[WhiteFideId "11700785"]
[BlackFideId "12401269"]
[EventDate "2016.03.28"]
[EventType "team"]

1. d4 Nf6 2. Nf3 g6 3. e3 Bg7 4. Be2 O-O 5. O-O c5 6. d5 d6 7. c4 e5 8. Nc3 e4
9. Ne1 Re8 10. Bd2 h5 11. f4 exf3 12. Bxf3 Bf5 13. Qe2 Nbd7 14. Nd3 Qe7 15. Rae1
Bxd3 16. Qxd3 Ne5 17. Qe2 a6 18. a4 Qc7 19. b3 Re7 20. h3 Rae8 21. e4 Nh7 22.
Na2 b5 23. axb5 axb5 24. Nc3 bxc4 25. bxc4 Ra8 26. Nb5 Qd7 27. Bf4 Ree8 28. Rc1
Ra4 29. Rc2 Rea8 30. Rb1 Bf6 31. h4 Ra1 32. Rxa1 Rxa1+ 33. Kh2 Qe7 34. g3 Bxh4
35. Kg2 Bg5 36. Ra2 Rxa2 37. Qxa2 Qf6 38. Qa8+ Kg7 39. Nc7 Kh6 40. Ne8 Qe7 41.
Qb8 Bxf4 42. gxf4 Nd3 43. Nxd6 Nxf4+ 44. Kf1 Nd3 45. Qd8 Qa7 46. Qe8 Kg7 47. Ke2
Nf4+ 48. Ke3 Nh3 49. Qe5+ Kh6 50. Qb2 N3g5 51. Be2 Qe7 52. e5 f6 53. Kf4 fxe5+
54. Qxe5 Nh3+ 55. Kf3 N7g5+ 1/2-1/2

[Event "Asian Nations Cup 2016"]
[Site "Abu Dhabi UAE"]
[Date "2016.03.28"]
[Round "1.4"]
[White "Amini, Habibullah"]
[Black "Nguyen, Anh Khoi"]
[Result "0-1"]
[BlackTitle "FM"]
[WhiteElo "1995"]
[BlackElo "2412"]
[WhiteTeam "Afghanistan"]
[BlackTeam "Vietnam"]
[WhiteFideId "11700777"]
[BlackFideId "12404675"]
[EventDate "2016.03.28"]
[EventType "team"]

1. d4 Nf6 2. Nf3 c5 3. e3 e6 4. b3 d5 5. Bb2 Bd6 6. Bd3 O-O 7. Nbd2 Nc6 8. O-O
b6 9. a3 Bb7 10. Ne5 Qc7 11. f4 Ne7 12. Rc1 Ne4 13. c4 Nf5 14. Qe2 Qe7 15. cxd5
exd5 16. Nxe4 dxe4 17. Bc4 cxd4 18. exd4 Bxa3 19. Bxa3 Qxa3 20. Nxf7 b5 21. Nh6+
Kh8 22. Nf7+ Kg8 23. Nh6+ Kh8 24. Nf7+ Kg8 25. Nh6+ 0-1

[Event "Asian Nations Cup 2016"]
[Site "Abu Dhabi UAE"]
[Date "2016.03.28"]
[Round "1.3"]
[White "Tamra, Attallah"]
[Black "Hossain, Enamul"]
[Result "0-1"]
[WhiteTitle "CM"]
[BlackTitle "GM"]
[WhiteElo "2058"]
[BlackElo "2426"]
[WhiteTeam "Palestine"]
[BlackTeam "Bangladesh"]
[WhiteFideId "11500255"]
[BlackFideId "10200649"]
[EventDate "2016.03.28"]
[EventType "team"]

1. d4 Nf6 2. Nf3 c5 3. d5 e6 4. c4 b5 5. e4 Nxe4 6. Bd3 Nf6 7. O-O d6 8. dxe6
Bxe6 9. Re1 Be7 10. cxb5 O-O 11. Ng5 Bg4 12. Qc2 h6 13. Ne4 Nbd7 14. Nbc3 d5 15.
Ng3 Nb6 16. a4 c4 17. Bf5 Bc5 18. a5 Nc8 19. Bf4 Nd6 20. h3 Bxf5 21. Nxf5 Nde4
22. Nxe4 Nxe4 23. Rxe4 dxe4 24. Qxc4 Rc8 25. Qxe4 Re8 26. Qf3 Qf6 27. Qg4 Kh7
28. Be3 Qxb2 29. Re1 Bxe3 30. Rxe3 Rxe3 31. fxe3 Rc1+ 32. Kh2 Qe5+ 33. Qf4 Qxb5
34. Nd6 Qf1 35. Qe4+ g6 36. Ne8 Qh1+ 37. Kg3 Qe1+ 38. Kh2 Qh1+ 39. Kg3 Qe1+ 40.
Kh2 Qc3 41. Qf4 f5 42. Qd6 g5 43. Qe7+ Kh8 44. Qf8+ Kh7 45. Qf7+ Kh8 46. Qf8+
Kh7 47. Qxf5+ Kh8 48. Qf8+ Kh7 49. Qf7+ Kh8 50. Qf8+ Kh7 51. Qf5+ Kh8 52. e4 Qd4
53. Qf8+ Kh7 54. Nf6+ Kg6 55. Qg8+ 0-1

[Event "Asian Nations Cup 2016"]
[Site "Abu Dhabi UAE"]
[Date "2016.03.28"]
[Round "1.4"]
[White "Rahman, Md. Taibur"]
[Black "Al-Takrori, Husam"]
[Result "1-0"]
[WhiteTitle "FM"]
[WhiteElo "2330"]
[BlackElo "2007"]
[WhiteTeam "Bangladesh"]
[BlackTeam "Palestine"]
[WhiteFideId "10200622"]
[BlackFideId "11501243"]
[EventDate "2016.03.28"]
[EventType "team"]

1. Nf3 d5 2. c4 Nf6 3. cxd5 Nxd5 4. d4 e6 5. e4 Nb6 6. Nc3 Bb4 7. a3 Be7 8. Be3
N8d7 9. Rc1 Nf8 10. Be2 Ng6 11. O-O c6 12. Qc2 O-O 13. Rfd1 Bd7 14. g3 Rc8 15.
b4 Rc7 16. h4 h5 17. Ne5 Nxe5 18. dxe5 c5 19. Nb5 Rc8 20. bxc5 a6 21. Na7 Rc7
22. c6 Na8 23. Rxd7 1-0

[Event "Asian Nations Cup 2016"]
[Site "Abu Dhabi UAE"]
[Date "2016.03.28"]
[Round "1.1"]
[White "Gundavaa, Bayarsaikhan"]
[Black "Alrashidi, Yousef"]
[Result "1-0"]
[WhiteTitle "GM"]
[WhiteElo "2517"]
[BlackElo "1631"]
[WhiteTeam "Mongolia"]
[BlackTeam "Kuwait"]
[WhiteFideId "4901045"]
[BlackFideId "10300910"]
[EventDate "2016.03.28"]
[EventType "team"]

1. e4 d5 2. exd5 Qxd5 3. Nc3 Qa5 4. d4 c6 5. Nf3 Nf6 6. Bc4 Bf5 7. Ne5 e6 8. g4
Bg6 9. h4 Nbd7 10. Nxd7 Nxd7 11. h5 Be4 12. O-O Bd5 13. Nxd5 cxd5 14. Bd3 Bd6
15. Qf3 Qd8 16. Kg2 Qf6 17. Qxf6 Nxf6 18. f3 a6 19. a4 Kd7 20. b3 Ng8 21. f4 f6
22. c4 Ne7 23. Bb2 g6 24. c5 Bc7 25. b4 gxh5 26. gxh5 Nf5 27. Kf3 Rhg8 28. Bxf5
exf5 29. Rg1 Rae8 30. h6 Rg4 31. Rxg4 fxg4+ 32. Kxg4 f5+ 33. Kxf5 Rf8+ 34. Kg5
Bxf4+ 35. Kg4 Bxh6 36. Rh1 Rf6 37. b5 axb5 38. axb5 Kc8 39. Rh5 Rf4+ 40. Kg3 Rf6
41. Bc3 Bf4+ 42. Kg4 h6 43. Rxd5 Bg5 44. Rf5 Re6 45. d5 Re4+ 46. Kh5 Rc4 47.
Rf8+ Bd8 48. Ba5 Kd7 49. Rxd8+ Ke7 50. d6+ Ke6 51. Re8+ 1-0